| 000 | 01151cam a2200265 i 4500 | ||
|---|---|---|---|
| 003 | SA-RiAUC | ||
| 005 | 20250112064703.0 | ||
| 008 | 250111s1998 pk g 000r0 ara c | ||
| 040 |
_aSA-RiAUC _bara _cSA-RiAUC _erda |
||
| 082 | 0 | 4 | _a224.3 |
| 090 |
_a224.3 _bك ش م |
||
| 100 | 1 |
_aالكشميري، محمد أنور بن معظم شاه، _d1292-1352 هجري _eمؤلف. |
|
| 245 | 1 | 0 |
_aمشكلات القرآن / _cمحمد أنور شاه الكشميري. ويليه مقدمة يتيمة البيان لمشكلات القرآن / تأليف محمد يوسف الحسيني البنوري. |
| 250 | _aالطبعة الثالثة. | ||
| 264 | 1 |
_aكراتشي، باكستان : _bالمجلس العلمي، _c[1998] |
|
| 300 |
_a447 صفحة ؛ _c24 سم |
||
| 336 |
_aنص _btxt _2rdacontent _3كتاب |
||
| 337 |
_aبدون وسيط _bn _2rdamedia |
||
| 338 |
_aمجلد _bnc _2rdacarrier |
||
| 630 | 2 | 7 |
_aالقرآن _xغريب _2aucut |
| 700 | 1 | 2 |
_aالبنوري، محمد يوسف، _d1908-1977 |
| 740 | 0 | 2 | _aيتيمة البيان لمشكلات القرآن. |
| 942 |
_2ddc _cBOOK _n0 |
||
| 949 |
_aSA-JeALM _d250111 _uosman123 _n1 |
||
| 999 |
_c4607 _d4607 |
||